000 00221 a2200097 4500
001 57589
100 _a
245 _aIslam in various perspectives
260 _aLahore
_bMinhaj ul Quran
_c
090 _c35324
_d35324
942 _aNUST-CAE
_cMONOGRAPH
_c28141
999 _c292662
_d292662